Automatic Methods for the Refinement of System Models From the Specification to the Implementation /

This book provides a comprehensive overview of automatic model refinement, which helps readers close the gap between initial textual specification and its desired implementation. The authors enable readers to follow two “directions” for refinement: Vertical refinement, for adding detail and precisio...

Full description

Main Authors: Seiter, Julia. (Author, http://id.loc.gov/vocabulary/relators/aut), Wille, Robert. (http://id.loc.gov/vocabulary/relators/aut), Drechsler, Rolf. (http://id.loc.gov/vocabulary/relators/aut)
Corporate Author: SpringerLink (Online service)
Language:English
Published: Cham : Springer International Publishing : Imprint: Springer, 2017.
Edition:1st ed. 2017.
Series:SpringerBriefs in Electrical and Computer Engineering,
Subjects:
Online Access:https://doi.org/10.1007/978-3-319-41480-5
LEADER 03302nam a22005415i 4500
001 978-3-319-41480-5
003 DE-He213
005 20210624055611.0
007 cr nn 008mamaa
008 160704s2017 gw | s |||| 0|eng d
020 |a 9783319414805  |9 978-3-319-41480-5 
024 7 |a 10.1007/978-3-319-41480-5  |2 doi 
050 4 |a TK7888.4 
072 7 |a TJFC  |2 bicssc 
072 7 |a TEC008010  |2 bisacsh 
072 7 |a TJFC  |2 thema 
082 0 4 |a 621.3815  |2 23 
100 1 |a Seiter, Julia.  |e author.  |4 aut  |4 http://id.loc.gov/vocabulary/relators/aut 
245 1 0 |a Automatic Methods for the Refinement of System Models  |h [electronic resource] :  |b From the Specification to the Implementation /  |c by Julia Seiter, Robert Wille, Rolf Drechsler. 
250 |a 1st ed. 2017. 
264 1 |a Cham :  |b Springer International Publishing :  |b Imprint: Springer,  |c 2017. 
300 |a VIII, 94 p. 30 illus., 5 illus. in color.  |b online resource. 
336 |a text  |b txt  |2 rdacontent 
337 |a computer  |b c  |2 rdamedia 
338 |a online resource  |b cr  |2 rdacarrier 
347 |a text file  |b PDF  |2 rda 
490 1 |a SpringerBriefs in Electrical and Computer Engineering,  |x 2191-8112 
505 0 |a Introduction -- Preliminaries -- Challenges in Model Refinement -- Verification of Vertical Refinement -- Extraction of a Relation for Vertical Refinement -- Verification of Horizontal Refinement -- Summary and Conclusions. 
520 |a This book provides a comprehensive overview of automatic model refinement, which helps readers close the gap between initial textual specification and its desired implementation. The authors enable readers to follow two “directions” for refinement: Vertical refinement, for adding detail and precision to single description for a given model and Horizontal refinement, which considers several views on one level of abstraction, refining the system specification by dedicated descriptions for structure or behavior. The discussion includes several methods which support designers of electronic systems in this refinement process, including verification methods to check automatically whether a refinement has been conducted as intended. 
650 0 |a Electronic circuits. 
650 0 |a Microprocessors. 
650 0 |a Electronics. 
650 0 |a Microelectronics. 
650 1 4 |a Circuits and Systems.  |0 https://scigraph.springernature.com/ontologies/product-market-codes/T24068 
650 2 4 |a Processor Architectures.  |0 https://scigraph.springernature.com/ontologies/product-market-codes/I13014 
650 2 4 |a Electronics and Microelectronics, Instrumentation.  |0 https://scigraph.springernature.com/ontologies/product-market-codes/T24027 
700 1 |a Wille, Robert.  |e author.  |4 aut  |4 http://id.loc.gov/vocabulary/relators/aut 
700 1 |a Drechsler, Rolf.  |e author.  |4 aut  |4 http://id.loc.gov/vocabulary/relators/aut 
710 2 |a SpringerLink (Online service) 
773 0 |t Springer Nature eBook 
776 0 8 |i Printed edition:  |z 9783319414799 
776 0 8 |i Printed edition:  |z 9783319414812 
830 0 |a SpringerBriefs in Electrical and Computer Engineering,  |x 2191-8112 
856 4 0 |u https://doi.org/10.1007/978-3-319-41480-5 
912 |a ZDB-2-ENG 
912 |a ZDB-2-SXE 
950 |a Engineering (SpringerNature-11647) 
950 |a Engineering (R0) (SpringerNature-43712)